Franchising 101 : (Record no. 821)

MARC details
000 -LEADER
fixed length control field 01016cam a22002898a 4500
005 - DATE AND TIME OF LATEST TRANSACTION
control field 20260322212035.0
008 - FIXED-LENGTH DATA ELEMENTS--GENERAL INFORMATION
fixed length control field data
010 ## - LIBRARY OF CONGRESS CONTROL NUMBER
LC control number 98014310
020 ## - INTERNATIONAL STANDARD BOOK NUMBER
International Standard Book Number 1574100971 (pbk.)
020 ## - INTERNATIONAL STANDARD BOOK NUMBER
International Standard Book Number 9781574100976 (pbk.)
040 ## - CATALOGING SOURCE
Original cataloging agency DLC
Transcribing agency DLC
Modifying agency DLC
043 ## - GEOGRAPHIC AREA CODE
Geographic area code n-us---
050 00 - LIBRARY OF CONGRESS CALL NUMBER
Classification number HF5429.3
Item number .F718 1998
082 00 - DEWEY DECIMAL CLASSIFICATION NUMBER
Classification number 658.8/708
Edition information 21
092 ## - LOCALLY ASSIGNED DEWEY CALL NUMBER (OCLC)
Classification number 658.8 F718 1998
001 - CONTROL NUMBER
control field data
245 00 - TITLE STATEMENT
Title Franchising 101 :
Remainder of title the complete guide to evaluating, buying, and growing your franchised business /
Statement of responsibility, etc. edited by Ann Dugan & Association of Small Business Development Centers.
246 3# - VARYING FORM OF TITLE
Title proper/short title Franchising one hundred one
260 ## - PUBLICATION, DISTRIBUTION, ETC.
Place of publication, distribution, etc. Chicago, Ill. :
Name of publisher, distributor, etc. Upstart Publishing,
Date of publication, distribution, etc. 1998.
263 ## - PROJECTED PUBLICATION DATE
Projected publication date 1111
300 ## - PHYSICAL DESCRIPTION
Extent p. cm.
500 ## - GENERAL NOTE
General note Includes index.
650 #0 - SUBJECT ADDED ENTRY--TOPICAL TERM
Topical term or geographic name entry element Franchises (Retail trade)
Geographic subdivision United States
General subdivision Handbooks, manuals, etc.
700 1# - ADDED ENTRY--PERSONAL NAME
Personal name Dugan, Ann.
710 2# - ADDED ENTRY--CORPORATE NAME
Corporate name or jurisdiction name as entry element Association of Small Business Development Centers.
856 42 - ELECTRONIC LOCATION AND ACCESS
Materials specified Publisher description
Uniform Resource Identifier <a href="http://www.loc.gov/catdir/enhancements/fy0708/98014310-d.html">http://www.loc.gov/catdir/enhancements/fy0708/98014310-d.html</a>
Holdings
Withdrawn status Lost status Damaged status Not for loan Home library Current library Shelving location Date acquired Total checkouts Full call number Barcode Date last seen Price effective from Koha item type
        Springfield Springfield General stacks 22/03/2026   658.8/708 21 BC0010845 22/03/2026 22/03/2026 Books